[Event "Dyfed Major 2019"]
[Site "?"]
[Date "2019.02.24"]
[Round "4"]
[White "Bevan, Paul"]
[Black "Narayan-Taylor, Robert"]
[Result "0-1"]
[WhiteElo "1300"]
[BlackElo "1368"]
[Annotator "kemen"]
[PlyCount "104"]
[EventDate "2019.??.??"]

{[%evp 0,104,80,10,29,25,20,2,-15,-41,-13,-16,-16,-44,-33,-42,-10,-59,-47,-47,
6,-52,-39,-33,27,-73,-36,-25,-25,-14,-21,-61,-81,-105,-75,-68,-28,-28,-26,-6,
-43,-43,-40,-56,-72,-72,-63,-43,-31,-30,-37,-64,-97,-97,-71,-47,-59,-87,-87,
-104,0,0,0,-27,-34,-22,56,37,90,89,89,86,218,48,176,192,197,217,228,243,319,
141,139,38,38,-221,-242,-315,7,47,-67,-12,25,0,21,21,23,-280,10,-61,0,0,-4,-1,
-1,-515,-549]} 1. d4 Nf6 2. e3 d5 3. Bd3 Nc6 4. f4 Bg4 5. Nf3 e6 6. c3 Bd6 7.
Nbd2 Qd7 (7... O-O {main}) 8. Bb5 (8. O-O {[%eval 150,0]}) 8... Ne4 (8... O-O
$15) 9. Qa4 (9. Nxe4 dxe4 10. Ne5 Bxd1 11. Nxd7 Bc2 12. Kd2 a6 $11 {Komodo12})
9... O-O 10. Ne5 (10. Nxe4 dxe4 11. Ne5 Bxe5 12. fxe5 f6 $11 {Komodo12}) 10...
Bxe5 11. fxe5 a6 12. Bd3 (12. Bxc6 bxc6 13. Nxe4 dxe4 14. b3 $14 {Komodo12})
12... b5 (12... Nxd2 13. Bxd2 Nxe5 14. Qxd7 Nxd7 $15 {Komodo12}) 13. Qc2 f5 14.
exf6 (14. a4 $11) 14... Nxf6 15. O-O e5 $15 16. Bf5 Bxf5 (16... Qd6 $17) 17.
Qxf5 e4 {locks in the QB} (17... Qe8) 18. Nb3 Qxf5 19. Rxf5 g6 (19... Ne7) 20.
Rf4 Nd7 21. Bd2 Rxf4 22. exf4 Re8 23. Be3 Ne7 $15 {Wh still has a bad B} 24. g4
h5 25. h3 hxg4 26. hxg4 Nf6 27. g5 Ng4 28. Re1 Nf5 29. Bc1 (29. Bd2) 29... e3 {
a bit early- the pawn will now need to be defended} (29... Kf7 $19 30. Re2 Nh4
31. Kf1 Rh8 $19 {Coming in via the h file}) 30. Kg2 $11 Nf2 31. Kf3 (31. Nc5
Kf7 32. Bxe3 $11 (32. Kf3 Nh4+ 33. Kg3 Nf5+ 34. Kf3 Nh4+ $11)) 31... Nd3 32.
Re2 Nxc1 (32... Kf7 33. Bxe3 Rh8 34. Kg2 {Komodo12} Nxb2 $15) 33. Nxc1 $11 Re6
34. Nd3 Kf7 (34... a5 $11) 35. Ne5+ (35. Nb4 c6 36. Nxa6 $16 {Komodo12}) 35...
Ke7 (35... Kg7) 36. Ng4 (36. Kg4 $1 $18 Nd6 (36... Ke8 37. Nxg6 Nh6+ 38. gxh6
Rxg6+ 39. Kh5 Kf7 40. Rxe3 $18) 37. Rxe3 $18 {Komodo12}) 36... c5 (36... Nh4+
37. Kg3 Nf5+ 38. Kf3 Nh4+ $11 {Komodo12}) 37. dxc5 $18 (37. Nxe3 $18 {Komodo12}
) 37... d4 38. Ne5 $18 dxc3 39. bxc3 b4 40. c6 (40. cxb4 $18) 40... Kd6 41. Kg4
(41. cxb4 Nd4+ 42. Kxe3 Nxe2 43. Kxe2 Kd5 44. Kd3 $16 {Komodo12}) 41... bxc3
42. Nf7+ (42. Rc2 e2 43. Rxe2 c2 44. Nc4+ Kc7 45. Rxc2 Re3 46. Nxe3 Nxe3+ 47.
Kg3 Nxc2 48. f5 Nd4 49. fxg6 Nxc6 50. g7 Ne7 51. Kg4 Kd6 52. Kh5 Ke6 53. Kh6
Kf5 54. Kh7 Kxg5 55. g8=Q+ Nxg8 56. Kxg8 $11 {its a R pawn}) 42... Kc7 $19 43.
Ne5 Nd4 (43... Rd6 $19 {Komodo12} 44. Nxg6 Nd4 45. Rxe3 c2 46. Rc3 Rxg6 47.
Rxc2 Nxc2 48. f5 Rxc6 $19 (48... Ne3+ 49. Kf4 Nd5+ 50. Ke4 Rxg5 $19)) 44. Rxe3
$11 c2 45. Rc3 Rd6 46. Kh3 a5 47. Rc5 a4 48. Nd3 (48. Rc4 a3 49. Rc3 Re6 50.
Kg2 $11 {Komodo12}) 48... Re6 (48... Ne6 $19 {attacks several points}) 49. Ne5
(49. Nb4 $11) 49... Ne2 (49... Re8 $15) 50. Rxc2 Nxf4+ 51. Kg4 Nd5 52. Nd3 $2 (
52. Re2 $11) (52. Nc4 $11) 52... Ne3+ $19 0-1

[Event "Dyfed Major 2019"]
[Site "?"]
[Date "2019.02.24"]
[Round "4"]
[White "Jones, Jonathan"]
[Black "Jones, Hefin"]
[Result "0-1"]
[WhiteElo "1455"]
[BlackElo "1348"]
[Annotator "kemen"]
[PlyCount "76"]
[EventDate "2019.??.??"]

{[%evp 0,67,28,24,23,14,18,-17,105,105,225,221,221,224,287,287,315,301,315,324,
295,295,321,340,450,468,468,468,476,476,492,492,562,562,587,554,573,582,886,
767,886,767,1156,1119,1119,1119,1193,1144,1352,1590,1579,1601,1328,1085,1634,
2039,29989,29990,29991,2230,2230,2561,29993,29992,29995,29996,29997,29998,
29999,-30000]} 1. Nf3 Nc6 2. d4 d5 3. c4 dxc4 (3... Bg4 {Chigorin Defence}) 4.
d5 (4. e3) (4. Nc3) (4. e4) 4... Nb4 (4... Nb8 5. e4 {main, 90% for Wh}) 5.
Qa4+ {91% for Wh} c6 6. Qxb4 $18 {Wh is a piece up} Qxd5 (6... cxd5 {main}) 7.
Nc3 Qe6 $146 (7... b5 8. Nxd5 {Pregarac-Skrlep, SLO ch tm 2008,1-0}) (7... Qd8
8. Qxc4 Be6 9. Qf4 {Maladkar-Ikstena, EU ch girls U14,Riga 2018,1-0}) (7... Qd6
8. Qxc4 e5 $18 {Cloud Engines}) 8. e3 (8. e4 {Stockfish5 & Komodo12}) (8. Bf4 {
Komodo10 & Houdini4}) 8... b5 9. a4 Qf5 (9... a5 10. Qc5 b4 11. Bxc4 $18 {
Komodo12}) 10. Nd4 (10. axb5 $18) 10... a5 11. Ncxb5 (11. Qa3 Qh5 12. axb5 (12.
Qa2 b4 13. Qxc4 Bd7 14. Ne4 $18 {Komodo12}) 12... e5 13. Qa4 exd4 14. Qxc4 $18
{Komodo12}) 11... axb4 12. Nc7+ Kd8 13. Nxf5 Kxc7 $15 14. Nd4 e5 (14... Ba6)
15. Nf3 Be6 (15... c3 16. bxc3 bxc3 17. Nxe5 Be6 $15 {Komodo12}) 16. Nxe5 (16.
Ng5 c3 17. Nxe6+ fxe6 18. a5 Bd6 19. bxc3 bxc3 20. Bc4 Nf6 21. Bxe6 Rhe8 22.
Bc4 $11 {Komodo12}) 16... c3 17. Bc4 (17. bxc3 bxc3 18. e4 Nf6 19. f3 c2 20.
Kd2 Bc5 21. Kxc2 Bd4 22. Bb2 Bxb2 23. Kxb2 Rhb8+ 24. Kc3 $14 {Komodo12}) 17...
Bd6 $19 18. Bxe6 Bxe5 19. Bxf7 cxb2 20. Rb1 bxc1=Q+ 21. Rxc1 Bc3+ 22. Ke2 Rxa4
23. Rhd1 Nf6 24. f4 Rf8 25. Bc4 Re8 26. Rd3 Nd5 (26... Ne4) 27. Bxd5 cxd5 28.
Rxd5 Rd8 29. Rxd8 Kxd8 30. h4 Ra2+ 31. Kf3 Bd2 (31... Ke7) 32. Rb1 Ke7 33. Rb3
Be1 (33... Ra3) 34. g3 Rf2+ 35. Ke4 Rg2 36. Kf3 Rxg3+ 37. Ke2 Bc3 38. h5 Rh3
0-1

[Event "Dyfed Major 2019"]
[Site "?"]
[Date "2019.02.24"]
[Round "4"]
[White "Nukalapati, Sarthak"]
[Black "Greenwood, Ray"]
[Result "0-1"]
[WhiteElo "888"]
[BlackElo "1304"]
[Annotator "kemen"]
[PlyCount "82"]
[EventDate "2019.??.??"]

{[%evp 0,82,28,20,33,20,42,5,17,-7,42,27,27,27,32,26,9,-12,-3,-9,2,-1,-7,-2,1,
4,7,-4,8,23,10,5,20,0,-2,8,18,20,22,22,21,-13,1,1,-13,0,5,1,12,12,27,6,36,19,
18,-3,-5,-23,18,6,14,-142,-142,-150,-178,-164,-153,-246,-279,-295,-21,-24,-11,
-27,-2,-66,13,25,10,-52,-23,-51,58,-716,-814]} 1. e4 e5 2. Nf3 Nc6 3. Nc3 Nf6
4. d4 Bb4 {second most chosen} (4... exd4 {main}) 5. d5 (5. Nxe5 Qe7 (5... Nxe4
{main lines})) 5... Ne7 6. Bd3 (6. Nxe5 d6 7. Bb5+ Kf8 8. Nf3 Nxe4) 6... d6 7.
Bd2 (7. O-O) 7... O-O 8. Bg5 $146 (8. h3) (8. a3 {Cloud Engines}) 8... Ng6 9.
a3 Ba5 (9... Bxc3+ 10. bxc3 h6) 10. O-O h6 11. Be3 a6 12. Ne2 Bg4 13. Ng3 c5
14. h3 Bd7 15. c3 Re8 16. Qc1 b5 17. b4 cxb4 18. axb4 Bb6 $11 19. Re1 Bxe3 20.
Rxe3 (20. Qxe3) 20... Qb6 21. Ra5 Nf4 22. Qd2 g6 23. Ne2 N6h5 24. Ng3 Qb7 25.
Be2 Qc8 26. Nxh5 Nxh5 27. Nh2 Nf4 28. Bg4 h5 29. Bd1 (29. Bxd7 Qxd7 30. Nf3 $11
{Komodo12}) 29... Qd8 30. Rg3 (30. Nf3 {the N needs to return}) 30... h4 $17
31. Re3 Qg5 32. Bg4 f5 33. Nf3 (33. Bf3 Nxh3+ 34. Kh1 Nf4 $17) 33... Qf6 $19
34. exf5 Bxf5 (34... gxf5 $19 {as the Wh B has no treat}) 35. Nh2 (35. Bxf5
gxf5 36. Qa2 $11 {Komodo12}) 35... Re7 36. Ra2 Rg7 37. Rb2 (37. g3 $11) 37...
Bxg4 (37... a5) 38. Nxg4 Qg5 39. Rf3 (39. Kh2 $11) 39... a5 40. c4 axb4 41.
Rxb4 $2 (41. Qxb4 $11) 41... Nxh3+ 0-1

[Event "Dyfed Major 2019"]
[Site "?"]
[Date "2019.02.24"]
[Round "4"]
[White "Osinga, Awne"]
[Black "Thacker, Steve"]
[Result "1-0"]
[WhiteElo "1350"]
[BlackElo "1430"]
[Annotator "kemen"]
[PlyCount "53"]
[EventDate "2019.??.??"]

{[%evp 0,53,80,25,23,17,14,13,13,28,12,18,12,9,7,1,0,-7,-14,-12,-6,-8,5,-49,
-49,-52,-12,-11,8,-40,29,5,17,10,13,-6,-11,-32,-4,-12,-1,-45,-38,-73,-1,-84,
-17,-48,-11,0,-6,-40,110,-15,8,-759]} 1. e4 e5 2. Nf3 Nc6 3. Bc4 Bc5 4. O-O Nf6
5. d3 h6 6. h3 d6 7. a3 (7. Nc3) (7. c3) 7... O-O 8. c3 a6 9. Be3 Bxe3 (9...
Ba7 10. Bxa7 Rxa7 11. Nh2 b5 12. Ba2 Qe7 13. f4 Be6 14. f5 Bxa2 15. Rxa2 d5 {
Milec-Pinkas, SVK ch tm 2012,0-1}) 10. fxe3 Be6 (10... b5 $11 {Cloud Engines})
11. Ba2 (11. Bxe6 {Cloud Engines}) 11... Bxa2 12. Rxa2 Ne7 (12... d5 $15 {
Komodo12}) 13. b4 Ng6 14. Qe1 Nh7 15. Raf2 Ng5 16. Nbd2 Ne6 {Bl has no entry
points for the Ns- Wh has pressure down the f file} 17. Nh2 Qd7 18. Rf5 f6 19.
Qg3 Qe8 20. Ng4 Kh7 21. Nh2 (21. d4) 21... Ne7 (21... Qb5 $5) 22. R5f3 Qg6 23.
Qf2 Ng5 24. Rg3 Qf7 25. Nhf3 Rad8 26. Nh4 Rd7 (26... Qa2 27. Nf5 Nxf5 28. exf5
d5 29. h4 Nf7 30. e4 $11) 27. Qf5+ {Did both players think that Bl was
dropping a R & thus overlooking Nxf5?} (27. Nf5 Nxf5 28. Qxf5+ g6 29. Qf2 Ne6
$11) 1-0

[Event "Dyfed Major 2019"]
[Site "?"]
[Date "2019.02.24"]
[Round "5"]
[White "Narayan-Taylor, Robert"]
[Black "Hammett, Scott"]
[Result "1/2-1/2"]
[WhiteElo "1368"]
[BlackElo "1540"]
[Annotator "kemen"]
[PlyCount "106"]
[EventDate "2019.??.??"]

{[%evp 0,106,80,1,28,42,40,39,40,11,32,-21,-24,-35,-15,-104,-107,-103,19,-64,
-54,-62,-54,-121,-109,-182,-145,-135,-123,-132,-122,-176,-102,-193,-176,-153,
-117,-115,-104,-161,-113,-114,-134,-129,-53,-56,-54,-135,-147,-145,-152,-209,
-49,-52,-53,-53,-55,-109,-115,-107,-87,-127,-84,-191,-197,-200,-200,-194,-191,
-197,-111,-130,-113,-140,-149,-139,-131,-118,-144,-144,-90,-65,-73,-90,-84,
-118,-106,-108,-108,-108,-174,-182,-244,-256,-288,-290,-40,-384,0,-29,0,0,0,0,
0,0,0,0,0]} 1. a4 {3rd time round in a tournament maybe it's lost its surprise
value? But there remain Wh's strategic aims of getting an unusual position.} f5
2. Nf3 (2. d4 Nf6 3. Bf4 e6 4. Nc3 Bb4 5. e3 Nd5 6. Kd2 Nc6 7. Qh5+ g6 8. Qf3
Nxf4 9. exf4 Nxd4 {Barczcz-Zimmermann, corr email, Welt open 1999,0-1}) (2. g4
fxg4 3. h3 d5 4. Ra3 e5 5. Rg3 Nf6 6. hxg4 Bxg4 7. d4 e4 8. Bh3 Bxh3 9. Nxh3
Qd7 10. Bg5 Nc6 11. Nf4 O-O-O 12. Nc3 Bb4 13. e3 {Abarca Gonzalez-Jorge, Rio
Grande op 2018,1-0}) 2... Nf6 (2... h6 3. a5 g5 {Maatoug-Brih, FRA ch U14,
Amiens 2001, draw agreed}) 3. d4 (3. a5 d6 4. c3 e5 5. d4 e4 6. Ng1 d5 7. Bg5
Bd6 8. Qb3 c6 9. c4 Na6 10. cxd5 cxd5 11. Bxf6 Qxf6 12. e3 Nc7 13. Nc3 Be6 14.
g3 O-O 15. h4 Rab8 16. Nh3 h6 17. Nf4 Qf7 18. h5 {Gutman-Voigt, Neckar op,
Deizisau 1998,1-0}) (3. e3 e6 4. b3 Be7 5. Bb2 O-O 6. d4 d6 7. Bd3 Bd7 8. c4
Na6 9. Nc3 Nb4 10. Bb1 Qe8 11. Ne2 a5 12. Ng3 Rd8 13. Bc3 Qg6 {Rao-Williams,
Purdy Jubilee , email ICCF 2003,0-1}) 3... e6 4. c3 d5 5. b4 Be7 6. Ba3 Nbd7 7.
Ne5 O-O 8. Nd2 Ng4 (8... Nxe5 9. dxe5 Ne4) 9. Nxd7 (9. Nxg4 fxg4 10. e3 Nf6 11.
Bd3 $11 {Komodo12}) 9... Bxd7 10. h3 Nf6 (10... Ne3 11. Qb3 Nxf1 12. Rxf1 b5
$17 {Komodo12}) 11. Nf3 Ne4 12. Qd3 Bxa4 $19 {Bl takes the bait} 13. b5 Bb3 (
13... c5) 14. Bxe7 (14. Nd2 Nxd2 15. Qxd2 a5 $19 {Komodo12}) 14... Qxe7 15. Ne5
Nd6 (15... a6) 16. Rb1 Bc4 (16... Ba2 17. Rb2 Bc4 {Komodo12}) 17. Nxc4 Nxc4 $17
(17... dxc4 $19 {Komodo12}) 18. e3 Qg5 19. Rh2 (19. g3 {looks more natural-
the R is out of play on h2}) 19... b6 (19... f4 $19 {open up the game when the
enemy K is still in the centre}) 20. h4 Qf6 (20... Qh6) 21. Qd1 Qe7 (21... f4)
22. Bxc4 dxc4 23. Rb4 a6 24. bxa6 Rxa6 25. Rxc4 Ra2 (25... Rfa8 $19 {Komodo12})
26. Ra4 Ra8 27. Rxa8+ Rxa8 28. Ke2 Ra2+ (28... Qd6 29. g3 Qd5 $19 {Komodo12})
29. Kf3 Qa3 30. d5 Qb2 31. g3 (31. g4 Qxc3 32. dxe6 fxg4+ 33. Kxg4 h5+ 34. Kh3
Qf6 35. Qxh5 Qxe6+ 36. Kg3 c5 $15 {Komodo12}) 31... Qxc3 $19 32. Kf4 Qc4+ (
32... Qb4+ $1 33. Qd4 e5+ 34. Kxe5 Qd6+ 35. Kxf5 Qd7+ 36. Ke5 (36. Kf4 Ra4 $19)
36... Ra4 37. Qxa4 (37. Qd3 Qd6+ 38. Kf5 Qf6#) 37... Qxa4 $19 {Komodo12}) 33.
Qd4 Qxd4+ (33... Qb5 34. Qe5 Ra4+ 35. Kf3 Re4 (35... Qxd5+ 36. Qxd5 exd5 $19)
36. Qxc7 Qxd5 37. Ke2 Rc4 38. Qb8+ Kf7 39. Qa7+ Kg6 40. h5+ Kh6 41. Qa2 Qc6 42.
Qb3 b5 $19 {Komodo12}) 34. exd4 exd5 35. Ke5 (35. Kxf5 Re2 36. Rh1 c5 $17 {
Komodo12}) 35... c6 (35... Kf7 36. Kxd5 Ke7 37. Ke5 Ra5+ 38. Kf4 Kf6 $17 {
Komodo12}) 36. Kd6 Rc2 37. Rh1 Rc4 (37... b5) (37... Kf7) 38. Re1 Rxd4 (38...
b5) 39. Kxc6 Re4 (39... Rd2 40. Kxb6 Rxf2 41. Kc5 f4 42. gxf4 Rxf4 43. Rh1 d4 {
and Bl has good winning chances}) 40. Rd1 d4 41. Kd5 Kf7 42. Rb1 d3 43. Rd1 Re8
44. Kc6 Rd8 $19 45. Kxb6 d2 (45... Kg6 {threatens a K invasion}) 46. Kc5 Kf6
47. Kc4 h5 (47... Ke5 48. f3 h5 49. Kc3 f4 50. g4 hxg4 51. fxg4 f3 $19 {
and the K breaks in}) 48. Kc3 (48. f4 $11) 48... g5 (48... f4 $1 $19 {opens a
pathway for the K} 49. Rxd2 Rxd2 50. Kxd2 Kf5 (50... fxg3 51. fxg3 Kf5 52. Ke3
Kg4 53. Kf2 {only draws}) 51. Ke2 Kg4 52. gxf4 Kxh4 53. Kf3 Kh3 (53... g6 54.
f5 gxf5 55. Kf4 {again is a draw} Kh3 56. Kxf5 h4 57. Kg5 Kg2 58. Kxh4 Kxf2)
54. f5 h4 55. Kf4 Kg2 $19) 49. Rxd2 (49. f4 $11) 49... Rxd2 50. Kxd2 f4 {
the right idea, but too late} 51. hxg5+ Kxg5 52. Ke2 (52. gxf4+ Kxf4 53. Ke2 h4
54. Kf1 h3 55. Kg1 Kf3 56. Kh2 $11 (56. Kh1 $11)) 52... fxg3 53. fxg3 h4
1/2-1/2

[Event "Dyfed Major 2019"]
[Site "?"]
[Date "2019.02.24"]
[Round "5"]
[White "Jones, Hefin"]
[Black "Brewer, Ben"]
[Result "0-1"]
[WhiteElo "1348"]
[BlackElo "1555"]
[Annotator "kemen"]
[PlyCount "62"]
[EventDate "2019.??.??"]

{[%evp 0,62,80,58,18,15,54,15,8,8,43,37,20,17,44,-1,26,-67,-62,-132,-127,-180,
-129,-110,-148,-251,-251,-284,-189,-461,-435,-462,-462,-491,-478,-616,-732,
-733,-744,-761,-761,-772,-593,-593,-598,-619,-563,-565,-560,-643,-642,-771,
-799,-1493,-1138,-1365,-1635,-1656,-957,-1305,-771,-922,-960,-995,-960]} 1. Nf3
Nf6 2. d4 g6 3. e3 Bg7 4. Nc3 (4. Bd3 {main}) 4... d6 5. Bd2 O-O 6. Be2 Nbd7 7.
e4 $146 (7. O-O) 7... e5 8. Bd3 {Bl has gained a couple of Tempi in his King's
Indian setup} exd4 $17 9. Nb5 (9. Nxd4 Nxe4 {gins a central pawn}) 9... Re8 $19
(9... Nc5 $19 {Komodo12}) 10. Bg5 Nc5 (10... h6) (10... d5) 11. O-O Ncxe4 12.
Re1 Nxg5 13. Nxg5 a6 (13... Rxe1+ 14. Qxe1 c5 $19) 14. Bc4 {looking for
complications} Rxe1+ 15. Qxe1 d5 16. Nxc7 Qxc7 17. Bxd5 Nxd5 18. Qe8+ Bf8 19.
Nxh7 Kxh7 20. Qxf8 Qe7 (20... Rb8) 21. Qxe7 Nxe7 $19 22. Re1 Nc6 (22... Be6)
23. Re8 Rb8 24. Re4 Bf5 25. Rf4 Kg7 26. c3 Re8 (26... d3) 27. g4 Re1+ (27... d3
) 28. Kg2 Be4+ 29. f3 Bd3 (29... d3) 30. cxd4 g5 31. d5 gxf4 0-1

[Event "Dyfed Major 2019"]
[Site "?"]
[Date "2019.02.24"]
[Round "5"]
[White "Scott, Paul"]
[Black "Osinga, Awne"]
[Result "1-0"]
[WhiteElo "1581"]
[BlackElo "1350"]
[Annotator "kemen"]
[PlyCount "67"]
[EventDate "2019.??.??"]

{[%evp 0,67,28,38,18,38,5,5,49,19,19,17,47,26,26,-9,1,11,7,-16,-4,5,-19,34,92,
-12,-9,14,75,26,41,34,33,18,44,80,92,106,120,93,157,144,204,125,199,154,191,
171,198,181,412,411,722,707,1473,1810,1875,1906,1919,1866,1917,2020,2274,2318,
2318,1517,1927,1399,2146,2735]} 1. e4 e5 2. Nc3 Nf6 3. Bc4 d6 (3... Nxe4 4. Qh5
Nd6 5. Bb3 Nc6 6. Nb5 g6 7. Qf3 f5 8. Qd5 Qe7 9. Nxc7+ Kd8 10. Nxa8 b6 {
is the Frankenstein-Dracula var}) (3... Nc6 {main}) 4. d3 Be7 5. f4 exf4 6.
Bxf4 Be6 (6... O-O) (6... Nc6) 7. Nd5 $146 (7. Bb3) (7. Bxe6) 7... Nbd7 (7...
Bxd5 8. exd5 c6 $11 {Komodo12}) 8. Nf3 c6 9. Nxe7 Qxe7 10. Bb3 Bxb3 (10... d5
$11) 11. axb3 h6 12. Be3 (12. O-O $16 {Wh has play down the f file & a
possible outpost for the N on f5}) 12... a6 (12... d5 13. O-O dxe4 14. Nd4 O-O
15. Nf5 Qe5 16. dxe4 Qxe4 (16... Rfd8 17. Bd4 Qxe4 18. Qd2 $16) 17. Ra4 Qe5 18.
Qd2 $16 {there are lots of sacrificial possibilities for Wh}) 13. O-O O-O 14.
Qd2 (14. Nd4 $16) 14... Ng4 (14... d5 $11) 15. Bd4 Nge5 16. Rae1 f6 (16... c5
17. Bc3 b5 $11 {Komodo12}) 17. Nh4 $16 Qe8 18. Nf5 c5 19. Bc3 Nf7 20. Qf4 $18
Nde5 21. Re3 (21. Qg3 g6 22. Ne3 Ng5 23. Nd5 Kg7 24. Nc7 $18 {Komodo12}) 21...
Ng6 22. Qg3 (22. Qg4 $1 {every Wh piece is aimed at the K, & Bl is playing
with a R down & little space for his other pieces} Nfe5 23. Bxe5 fxe5 24. Rg3
Kh7 25. h4 $18 {Komodo12}) (22. Nxg7 Nxf4 23. Nxe8 Raxe8 24. Rg3+ Kh7 25. Rxf4
$18 {Komodo12}) 22... Nfe5 23. Nxd6 (23. Bxe5 dxe5 24. Qg4 $18 {Komodo12})
23... Qd7 24. Nf5 Rf7 (24... Kh7 {had to be tried}) 25. Bxe5 $18 (25. Nxh6+
gxh6 26. Bxe5 $18) 25... fxe5 (25... Nxe5 26. Nxh6+ $18) 26. Qxg6 Rf6 27. Nxh6+
Kf8 28. Rxf6+ gxf6 29. Qxf6+ Ke8 30. Rf3 (30. Nf5 {quickest way to
mate-Komodo12}) 30... Qd4+ 31. Kf1 Kd7 32. Qf7+ (32. Qb6) 32... Kc8 33. Qe6+ (
33. Qf8+ Qd8 34. Qxc5+ Kb8 35. Rf8) 33... Kb8 34. Qb6 1-0